Tepelský historik Benedikt Brandl

Titel: Tepelský historik Benedikt Brandl
Verfasser:
In: Muzeum Cheb: Sborník Chébskeho Muzea, (1999), Seite 120-129
alle Artikel anzeigen
Veröffentlicht: 1999 [vyd. 2000]
Format: Aufsatz
Sprache: Tschechisch
Schlagworte:
Kein Bild verfügbar
X
alg: 39307404
001A    $01999:11-11-16 
001B    $03025:27-03-26 $t12:21:38.000 
001C    $06050:19-11-16 $t22:36:47.000 
001D    $01999:11-11-16 
001U    $0utf8 
001X    $00 
002@    $0Aox 
003@    $0393074048 
007A    $0393074048 $aHEB 
007T    $0Herdp21268 
010@    $acze 
011@    $a1999 $n1999 [vyd. 2000] 
021A    $aTepelský historik Benedikt Brandl 
028A    $aHlinomaz $dMilan 
031A    $h120-129 $j1999 
037A    $aRés. něm. s. 129: Der Historiker Benedikt Brandl aus Tepl 
039B    $aIn $8--Abvc--Muzeum Cheb [Tb1]. Sborník Chébskeho Muzea. - Cheb : Muzeum, 1993-2006. - ISSN 1211-9210 $x199900000000000880 $9070513341 
044K    $RStift Tepl $#Prämonstratenserkloster Tepl $#Prämonstratenserstift Tepl $#Premonstrátský Klášter Tepl $#Monasterium Teplense Ordinis Praemonstratensis $#Stift Tepl $#Teplá Monastery $#Premonstratensian Abbey Teplá $76024385-5 $8Klášter Premonstrátů$gTepl [Tb1] $910088508X 
044K    $71077530447 $8Brandl, Benedikt$Z1876-1934 [Tp3] $9365312126 
045F    $a200.943710904 $eDDC23BSB 
045F/01 $a200.9 
045F/03 $f0904 
045F/03 $g4371 
045T    $a9,10 $a7,41 

lok: 39307404 78

exp: 39307404 78 1 #EPN
201B/01 $026-11-17 $t01:40:11.000 
201U/01 $0utf8 
203@/01 $0789184362 
208@/01 $a11-11-16 $be 
209A/01 $a/ $f000 $x00 
220C/01 $aHerkunft: Hú Av Čr Praha 
244Z/01 $#Tschechien $#Tschechische Republik $#Tschechien $#Tschechische Republik $#Tschechenland $#Tschechei Tschechien $#Česká Republika $#Czech Republic $#ČR $74303381-7 $8--Tg1--Tschechien $x01 $9086659812 
244Z/01 $2Trx $#Böhmen $#Bohemia $#Czechy $8--Trx--Čechy $x02 $9391188941 
244Z/01 $2Trx $#Tepl Karlsbad $#Tepl Stift $#Teplá klášter;Teplá $8--Trx--Teplá$gKarlovy Vary $x03 $9391352202 
244Z/01 $aGeschichte 1876-1934 $x04 
244Z/01 $2Trx $8--Trx--Brandl, Benedikt$Z1876-1934 $x05 $9390558591 
244Z/01 $2Trx $#ajaloolased $#istorikai $#historians $#történészek $#historycy $#historici $#historici $8--Trx--Historiker $x06 $9391373544 
244Z/01 $2Trx $#ordud premonstraatlased $#ordinas norbertinų $#order Premonstratensians $#szerzetesrendek Premontrei szerzetesek $#zakony, norbertanie $#rád, premonštráti $#řád, premonstráti $#Prämonstratenser $#premonstratensi $#norbertanie $#premonštráti $#premonstráti $8--Trx--Orden$gPrämonstratenser $x07 $9391375741 
244Z/01 $2Trx $#germanistid $#germanistai $#germanists $#germaniszták $#germaniści $#germanisti $#germanisté $8--Trx--Germanisten $x08 $9391356410 
244Z/01 $2Trx $#bibliograafiad isikud $#bibliografijos personalinės $#Bibliographies persons $#szakirodalmak személyek $#bibliografie osobowe $#bibliografie personálne $#bibliografie personální $#Personalbibliographie $8--Trx--Bibliographien$gPersonen $x09 $9391368532 
244Z/01 $2Trx $8--Trx--Zeitschriftenaufsatz $x10 $9391384341 
247C/01 $82080>Marburg/Lahn, Herder-Institut, Forschungsbibliothek, Bibliographieportal $9336309341
LEADER 00000caa a22000002c 4500
001 393074048
003 DE-603
005 20260327122138.0
007 tu
008 161111s1999 xx |||| | u00||u|cze c
035 |a (DE-599)HEB393074048 
040 |a DE-603  |b ger  |c DE-603  |d DE-603 
041 |a cze 
082 0 4 |8 1\u  |a 200.943710904  |q DE-101  |2 23/BSB 
084 |a 9,10  |a 7,41  |2 ssgn 
085 |8 1\u  |b 200.9 
085 |8 1\u  |z 1  |s 0904 
085 |8 1\u  |z 2  |s 4371 
100 1 |a Hlinomaz, Milan 
245 0 0 |a Tepelský historik Benedikt Brandl 
264 0 |c 1999 [vyd. 2000] 
500 |a Rés. něm. s. 129: Der Historiker Benedikt Brandl aus Tepl 
600 1 7 |a Brandl, Benedikt  |d 1876-1934  |0 (DE-588)1077530447  |0 (DE-603)365312126  |2 gnd 
610 1 7 |a Klášter Premonstrátů  |g Tepl  |2 gnd  |0 (DE-588)6024385-5  |0 (DE-603)10088508X 
773 0 8 |i In  |a Muzeum Cheb  |t Sborník Chébskeho Muzea  |d Cheb : Muzeum, 1993-2006  |x 1211-9210  |g (1999), Seite 120-129  |w (DE-603)070513341  |w (DE-600)1353473-7 
924 0 |9 2080  |a (DE-603)789184362  |b DE-2080  |c HES  |d d  |g /